000 00439nam a2200181Ia 4500
005 20240823044900.0
008 240823s9999||||xx |||||||||||||| ||und||
041 _aENGLISH
082 _A547.1223 P5
100 _aRamesh P
245 0 _aBasic Principles of Organic Stereochemistry
250 _aI
260 _c2005
_bMeenu Publica
500 _aTRANSFERED
650 _astereochemistry
_bChemistry
942 _cBK
999 _c213655
_d213655